000 01004pam a2200325 a 4500
001 2134
003 FISKH
005 20250805161129.0
008 970326s1997 mnua c b 000 0 eng
010 _a 97011677
020 _a1575420236 (pbk.)
020 _a9781575420233
040 _aDLC
_cDLC
_dDLC
_beng
042 _alcac
050 0 0 _aBF637.B85
_bR66 1997
082 0 0 _a302.3/4
_221
100 1 _aRomain, Trevor.
245 1 0 _aBullies are a pain in the brain /
_cwritten and illustrated by Trevor Romain ; edited by Elizabeth Verdick.
260 _aMinneapolis :
_bFree Spirit,
_c1997.
300 _a105 pages :
_billustrations ;
_c20 cm
505 _aR
520 _aA serious yet humorous guide to dealing with bullies.
521 8 _a760
_bLexile
521 8 _aR
_bRaz-Plus
650 0 _aBullying
_xJuvenile humor.
650 1 _aBullies and bullying.
700 1 _aVerdick, Elizabeth.
_eEditor
906 _a7
_bcbc
_corignew
_d1
_eocip
_f19
_gy-gencatlg
942 _2ddc
_cBK
_n0
999 _c2134
_d2134